000 00345nam a2200133 4500
999 _c512340
_d512340
008 191119b ||||| |||| 00| 0 eng d
100 _aMishra, Anand
_913477
245 _aThinking beyond the self and the other
260 _bYojana
300 _a63, Oct, 2019: p.17-20.
773 _aYojana
906 _aNon violence
942 _2ddc
_cAR